Quizzes
Events
Quiz Creation
Community
Videos
Private Events
Remove Ads
Sign In
Join for FREE
Feedback
Dark Mode
Quiz Categories
Sports
Geography
Music
Movies
Television
Just For Fun
Miscellaneous
History
Literature
Language
Science
Gaming
Entertainment
Religion
Holiday
For Kids
Quiz Lab
Recent
Popular Today
Quiz Kudos Today
Editor Picks
Curator Picks
Quizzes by...
Day
Popularity
Type
Ratings
Length
Year
Community
Subscriptions
Recent Discussions
Orange Saloon
Badges
Playlists
Quests
Create
Leaderboards
Showdown
Live 5
Trivia Bingo
Activity
Puzzle Library
Sporcle Events
Private Events
Virtual Trivia
Globe League
Become a Host
Pub Owners
SporcleCon
Opinionation
Our Games
Videos
Blog
Mobile Apps
Partnerships
Remove Ads and Go Orange
Feedback
Sports
Athletes
MLB
NBA
NHL
NFL
Soccer
Sports Teams
WWE
NCAA
Football
Premier League
Basketball
Baseball
Hockey
Golf
Tennis
Cricket
Rugby
Auto Racing
Olympics
World Cup
Sports
Athletes
MLB
NBA
NHL
NFL
Soccer
Sports Teams
WWE
NCAA
Football
Premier League
Basketball
Baseball
Hockey
Golf
Tennis
Cricket
Rugby
Auto Racing
Olympics
World Cup
Random Quiz
Search Sporcle
×
Quiz Lab
Quiz Lab
Sports
Baseball
Type in answers that appear in a list
Type in answers that appear in a list
Classic
Best Score? Go Orange.
Top 100 Fantasy MLB Players Stats
Can you name the Top 100 Fantasy MLB Players according to ESPN?
By
djtitiner
12m
100 Questions
591 Plays
591 Plays
591 Plays
Comments
Comments
Give Quiz Kudos
Give Quiz Kudos
-
- Ratings
hide this ad
Replay
Link that replays current quiz
Next Quiz
Link to next quiz in quiz playlist
You Got
0%
They Got
Avg Score
76%
Avg Friend Score
Upgrade to see
Score Distribution
Jump to the score distribution portion of the page
Score
0/100
Timer
12:00
0
Plays Today
Team
Player
% Correct
St. Louis, 1B
Albert Pujols
97.1%
Florida, SS
Hanley Ramirez
96.8%
Chicago (NL), 3B
Aramis Ramirez
96.8%
Los Angeles (NL), LF
Manny Ramirez
96.8%
New York (AL), 3B
Alex Rodriguez
96.4%
New York (NL), RP
Francisco Rodriguez
96.1%
Houston, SP
Wandy Rodriguez
96.1%
Philadelphia, 2B
Chase Utley
95.9%
Milwaukee, LF
Ryan Braun
95.8%
Milwaukee, 1B
Prince Fielder
95.6%
New York (NL), 3B
David Wright
94.8%
Philadelphia, 1B
Ryan Howard
94.1%
Tampa Bay, 3B
Evan Longoria
93.9%
Minnesota, C
Joe Mauer
93.2%
San Francisco, SP
Tim Lincecum
93.1%
New York (AL), SS
Derek Jeter
92.9%
New York (AL), SP
C.C. Sabathia
92.6%
Philadelphia, SP
Roy Halladay
92.4%
New York (AL), 1B
Mark Teixeira
91.7%
Detroit, 1B
Miguel Cabrera
90.7%
Seattle, SP
Felix Hernandez
90.7%
Seattle, SP
Cliff Lee
90.7%
Houston, LF
Carlos Lee
90.5%
Chicago (NL), 1B
Derrek Lee
90.5%
Los Angeles (NL), CF
Matt Kemp
90.4%
Tampa Bay, LF
Carl Crawford
90%
San Diego, 1B
Adrian Gonzalez
88.8%
Philadelphia, SS
Jimmy Rollins
88.7%
New York (AL), 2B
Robinson Cano
87.8%
Arizona, RF
Justin Upton
87.6%
Boston, 2B
Dustin Pedroia
87.6%
Tampa Bay, CF
B.J. Upton
87.6%
Colorado, SS
Troy Tulowitzki
87.5%
St. Louis, LF
Matt Holliday
87.1%
Team
Player
% Correct
Seattle, RF
Ichiro Suzuki
86%
Minnesota, 1B
Justin Morneau
86%
Washington, 3B
Ryan Zimmerman
85.8%
St. Louis, SP
Chris Carpenter
85.4%
Cincinnati, 1B
Joey Votto
84.4%
Boston, CF
Jacoby Ellsbury
83.4%
Detroit, SP
Justin Verlander
83.2%
Baltimore, 2B
Brian Roberts
82.9%
Philadelphia, RF
Jayson Werth
81.9%
Boston, 1B
Kevin Youkilis
81.9%
Cleveland, CF
Grady Sizemore
81.6%
Texas, 2B
Ian Kinsler
80.9%
St. Louis, SP
Adam Wainwright
80.7%
Atlanta, C
Brian McCann
80.7%
Boston, C
Victor Martinez
79.7%
New York (NL), SP
Johan Santana
79.7%
Boston, SP
Josh Beckett
79.7%
Cincinnati, 2B
Brandon Phillips
79.4%
Texas, 3B
Michael Young
77.7%
San Francisco, 1B/
3B
Pablo Sandoval
77.3%
Baltimore, CF
Adam Jones
77.3%
New York (NL), SS
Jose Reyes
77.3%
Texas, CF
Josh Hamilton
77%
Arizona, 3B
Mark Reynolds
76.8%
New York (AL), CF
Curtis Granderson
76.6%
Boston, SP
Jon Lester
76%
Florida, SP
Josh Johnson
76%
Houston, 1B
Lance Berkman
74.8%
Washington, 1B
Adam Dunn
73.9%
Tampa Bay, 1B
Carlos Pena
73.6%
Philadelphia, CF
Shane Victorino
73.4%
Arizona, SP
Brandon Webb
73.4%
Kansas City, SP
Zack Greinke
72.9%
Arizona, SP
Dan Haren
72.3%
Team
Player
% Correct
Toronto, 2B
Aaron Hill
72.3%
Los Angeles (NL), RF/
LF
Andre Ethier
72.1%
Baltimore, RF
Nick Markakis
71.4%
New York (NL), LF
Jason Bay
70.7%
Philadelphia, SP
Cole Hamels
69.7%
San Francisco, SP
Matt Cain
68.2%
Philadelphia, LF
Raul Ibanez
68.2%
Boston, RP
Jonathon Papelbon
67.2%
Los Angeles (AL), 1B
Kendry Morales
67%
Los Angeles (AL), CF
Torii Hunter
65.5%
Colorado, SP
Ubaldo Jimenez
64.6%
Baltimore, C
Matt Wieters
63.5%
Toronto, LF
Adam Lind
63.1%
Kansas City, RP
Joakim Soria
61.4%
Texas, RF
Nelson Cruz
60.9%
Kansas City, 1B
Billy Butler
58%
Milwaukee, SP
Yovani Gallardo
57.9%
Texas, SS
Elvis Andrus
57.2%
Pittsburgh, CF
Andrew McCutchen
56%
Houston, RF
Hunter Pence
54.8%
Los Angeles (AL), RF
Bobby Abreu
54.5%
Tampa Bay, RF
Ben Zobrist
51.6%
Seattle, 3B/
2B
Chone Figgins
48.4%
Atlanta, SP
Tommy Hanson
45.7%
Detroit, LF
Johnny Damon
45.7%
Cleveland, RF
Shin Soo Choo
42%
New York (AL), RP
Mariano Rivera
40.6%
Chicago (AL), RF
Carlos Quentin
40.6%
Chicago (AL), 3B/
2B
Gordon Beckham
39.8%
Los Angeles (NL), RP
Jonathon Broxton
37.7%
Florida, SP
Ricky Nolasco
29.9%
New York (AL), SP
Javier Vazquez
27.2%
Quiz Playlist
Details
Report
Send in Message
Add To Playlist
Classic:
Type in answers that appear in a list
Last Updated: Feb 16, 2017
Quiz Scoreboard
CHALLENGE
Sign Up to Join the Scoreboard
Show All
Scores
Hide
Comments
May contain spoilers
Recently Published
Popular People in 1961
by mucciniale
History
6m
1-10 Letter E Words III
by El_Dandy
Language
2m
One Thing in Common: World Cities II
by knightlancer
Geography
7m
More to Explore
Quiz From the Vault
Featured Blog Post
Where Did the Easter Bunny Come From?
hide this ad
You Might Also Like...
Tags
Baseball Quiz
MLB Quiz
100
ESPN
Fantasy
Player
Top 100
Today's Top Quizzes in Sports
Browse Sports
hide this ad
Today's Top Quizzes in Baseball
Browse Baseball
Top Contributed Quizzes in Sports
1
Les meilleurs buteurs des matchs entre le PSG et l’OM
2
Les entraîneurs de l'OM et du PSG au 21e siècle
3
2022 World Cup Stars
4
FIFA Club World Cup Champions
5
Name the Premier League winners with different clubs
6
La finale Lions - Afrique du Sud 2021
7
Criteria MLB: Left Handed Sluggers
8
Players with Multiple 50 Home Run Seasons
9
MLB Players with Two .350 Batting Average Seasons
10
MLB Hall of Famer by Rings
Explore More
Trending Topics
NBA
Kpop
Crossword
Marvel
Harry Potter
Disney
Anime
Soccer
Country
Song
The Office
Pokémon
NFL
Puzzle
WWE
hide this ad
More By:
djtitiner
Quiz
Plays
Rating
Category
Featured
Created
Top 100 Fantasy MLB Players
591
1.67
Sports
Jul 3, 2010
Cubs All Stars since 2000
340
5.00
Sports
Jul 15, 2010
Best Actor Winners
158
1.00
Movies
Jul 11, 2010
Go to Creator's Profile
Score Distribution
Quiz Creator Spotlight
djtitiner
Follow
Send a Message
Quizzes Created
-
Created Quiz Play Count
-
More By This Creator
Popular Quizzes Today
1
Find the US States - No Outlines Minefield
2
The Countries of the World
3
Find the Countries of Europe - No Outlines Minefield
4
Popular People in 1961
5
1-10 Letter E Words III
6
Find the US States
7
One Thing in Common: World Cities II
8
US States
More Sports Quizzes
Heineken Champions Cup winners
Quiz Lab
Trending Quizzes
Risky Map Clicking: Least Populous States A-Z
1-10 Letter F Words
1-10 Letter G Words
One Thing in Common: United Kingdom
Risky Map Clicking: Next State Alphabetically
Recently Updated
Leaping Animals
pecheneg
Reality TV Shows (A-Z)
bhenderson79
Rickey Henderson's Hall of Fame Teammates
pecheneg
Champions League XIs: Arsenal
pecheneg
Quick Pick: Celebrities in WWE's Hall of Fame
aduchscher
A-Z Keypad Blitz II
pecheneg
Multiple Oscar Actors
pecheneg
Mystery Phrase Blitz: Oscar 'Best Actors'
pecheneg
F. Scott Fitzgerald Novels
LTH
Pick 3 Villains
ddd62291
Trending Topics
Harry Potter
Anime
Kpop
NBA
Marvel
Crossword
Disney
WWE
Puzzle
Soccer
The Office
Country
Pokémon
Song
NFL
Your Account Isn't Verified!
In order to create a playlist on Sporcle, you need to verify the email address you used during registration. Go to your
Sporcle Settings
to finish the process.
Report this User
Report this user for behavior that violates our
Community Guidelines
.
Details:
Send Report
Go to the Sporcle.com Mobile Site →
Comments